LEADER 03512nam a22006375a 4500
001 CEM.cems019007
008 211102s2021####ag############000#0#und#d
005 20221004163528.0
245 1 0 |a Los fuegos de OCR :  |b Antología de poesía y ciencia ficción /  |c Javier Adúriz … [et al.] ; compilado por Patricio Foglia ; Marcelo Díaz ; ilustrado por Paula Duró. 
250 |a 2a ed. 
260 |a Lanús :  |b Mágicas Naranjas,  |c 2021. 
300 |a 56 p. 
500 |a Edición para Ministerio de Educación de la Nación Argentina. 
505 0 |a Argentinos en la luna / Patricio Foglia -- Manual de instrucciones / Marcelo Díaz -- Walt Whitman / Ezequiel Zaidenwerg -- Replicante / Javier Adúriz -- Mi casa es una parte del universo / Alfredo Veiravé -- Mark en el espacio /Mariana Suozzo -- Descubrimiento / Rita González Hesaynes -- Quásar / Martín Maigua -- Antes de extraviarse / Jonás Gómez -- Palabras del director de la Asociación Física Argentina al investigador Pablo Rebich en rechazo a su proyecto "La Máquina del tiempo" / Germán Arens -- Flecha Verde / Hernán La Greca -- Robot tiene sueño y sueña / A. Saicedo -- Por razones fuera de nuestra comprensión / A. Saicedo -- Donnie Darko / Eric Schierloh -- Una película de amor / Claudia Masin -- Gravedad / Javier Roldán -- Escriben los alienígenas / Manuel Podestá -- Lo luminoso que se ve de noche / Laura Wittner -- La III Guerra Mundial / Andi Nachón -- Búfalos / Carlos Battilana -- Gravedad, en 3D / Irene Gruss -- Lucas / Paula Jiménez España -- En la vasta región del Universo / Fede Llera -- Breve diccionario sobre el fin de la era tecnológica / Luciano Alonso -- Kozmic blues / Horacio Fiebelkorn -- Filiación / Silvio Mattoni -- La última espera / Hernán Schillagi -- El espacio exterior / Hernán Schillagi -- Aura iris policromo / Rocío Macarena -- Cometas / Osvaldo Bossi -- Cuadernos de lengua y literatura VIII / Mario Ortiz -- Misterio / Jorge Leónidas Escudero -- Solo / Néstor Groppa 
020 |a 9789874785329 
100 1 |a Adúriz, Javier. 
700 1 |a Foglia, Patricio; comp. 
700 1 |a Díaz, Marcelo. 
700 1 |a Zaidenwerg, Ezequiel. 
700 1 |a Veiravé, Alfredo. 
700 1 |a Suozzo, Mariana. 
700 1 |a González Hesaynes, Rita. 
700 1 |a Maigua, Martín. 
700 1 |a Gómez, Jonás. 
700 1 |a Arens, Germán. 
700 1 |a La Greca, Hernán. 
700 1 |a Saicedo, A. 
700 1 |a Schierloh, Eric. 
700 1 |a Masin, Claudia. 
700 1 |a Roldán, Javier. 
700 1 |a Podestá, Manuel. 
700 1 |a Wittner, Laura. 
700 1 |a Nachón, Andi. 
700 1 |a Battilana, Carlos. 
700 1 |a Gruss, Irene. 
700 1 |a Jiménez España, Paula. 
700 1 |a Llera, Fede. 
700 1 |a Alonso, Luciano. 
700 1 |a Fiebelkorn, Horacio. 
700 1 |a Mattoni, Silvio. 
700 1 |a Schillagi, Hernán. 
700 1 |a Macarena, Rocío. 
700 1 |a Bossi, Osvaldo. 
700 1 |a Ortiz, Mario. 
700 1 |a Escudero, Jorge Leónidas. 
700 1 |a Groppa, Néstor. 
653 |a Literatura 
653 |a Literatura Argentina 
653 |a Poesía 
653 |a Poesía Argentina 
653 |a Literatura Juvenil 
653 |a Ciencia Ficción 
653 |a Colección Leer Abre Mundos 
859 |a CEMS  |b BIB. CEMS - 11 de abril  |h A861.4  |i Ad97  |p 29162.21  |t Ej. 1 
859 |a CEMS  |b BIB. CEMS - 11 de abril  |h A861.4  |i Ad97  |p 29175.21  |t Ej. 2 
859 |a CEMS  |b BIB. CEMS - Agricultura  |h A861.4  |i Ad97  |p A3341.21  |t Ej.3